Jak vést úspěšný a plnohodnotný život /
Příručka nabízí rady zaměřené na vytvoření a rozvoj sebedůvěry, udržení entuziasmu, stanovení si dosažitelných cílů, pozitivního působení na ostatní, sebemotivaci k dosažení úspěchu, utváření pozitivního přístupu nebo využití nezdarů k osobnímu růstu. Rady jsou doplněny také příklady z historie i so...
Uloženo v:
| Korporace: | , |
|---|---|
| Médium: | E-kniha |
| Jazyk: | Czech |
| Vydáno: |
Praha :
Práh,
2012
|
| Vydání: | Vyd. 1. |
| Témata: | |
| Tagy: |
Žádné tagy |
| LEADER | 02877nam a2200637 a 4500 | ||
|---|---|---|---|
| 001 | 305871 | ||
| 003 | CZ PrSKC | ||
| 005 | 20260601215541.0 | ||
| 007 | ta | ||
| 008 | 121003s2012 xr e f 000 0 cze | ||
| 015 | |a cnb002409339 | ||
| 020 | |a 9788072523795 |q (váz.) | ||
| 035 | |a (OCoLC)820694468 | ||
| 040 | |a ABA001 |b cze | ||
| 041 | 1 | |a cze |h eng | |
| 072 | 7 | |a 316.4/.7 |x Sociální interakce. Sociální komunikace |2 Konspekt | |
| 080 | |a 316.772.4 |2 MRF | ||
| 080 | |a 316.472.4 |2 MRF | ||
| 080 | |a 159.923.5 |2 MRF | ||
| 080 | |a 159.955 |2 MRF | ||
| 080 | |a 17.024.4 |2 MRF | ||
| 080 | |a 331.101.3 |2 MRF | ||
| 080 | |a (0.062) |2 MRF | ||
| 110 | 2 | |a Dale Carnegie & Associates |7 ko2002152054 | |
| 245 | 1 | 0 | |a Jak vést úspěšný a plnohodnotný život / |c Dale Carnegie & Associates, Inc. ; sestavila a k vydání připravila spol. JMW GROUP, Inc. ; [přeložil Svatoslav Gosman] |
| 250 | |a Vyd. 1. | ||
| 260 | |a Praha : |b Práh, |c 2012 | ||
| 300 | |a 154 s. ; |c 22 cm | ||
| 500 | |a Přeloženo z angličtiny | ||
| 500 | |a Obálkový podnázev: Carnegie pro 21. století | ||
| 520 | 2 | |a Příručka nabízí rady zaměřené na vytvoření a rozvoj sebedůvěry, udržení entuziasmu, stanovení si dosažitelných cílů, pozitivního působení na ostatní, sebemotivaci k dosažení úspěchu, utváření pozitivního přístupu nebo využití nezdarů k osobnímu růstu. Rady jsou doplněny také příklady z historie i současnosti. | |
| 520 | 2 | |a Rady, jak dosáhnout životního štěští. | |
| 650 | 0 | 7 | |a interpersonální komunikace |7 ph121153 |2 czenas |
| 650 | 0 | 7 | |a interpersonální vztahy |7 ph114786 |2 czenas |
| 650 | 0 | 7 | |a sebevýchova |7 ph125456 |2 czenas |
| 650 | 0 | 7 | |a pozitivní myšlení |7 ph124475 |2 czenas |
| 650 | 0 | 7 | |a rozvoj osobnosti |7 ph194683 |2 czenas |
| 650 | 0 | 7 | |a řešení problémů |7 ph137287 |2 czenas |
| 650 | 0 | 7 | |a úspěch |7 ph128351 |2 czenas |
| 650 | 0 | 7 | |a profesní úspěch |7 ph124628 |2 czenas |
| 650 | 0 | 9 | |a interpersonal communication |2 eczenas |
| 650 | 0 | 9 | |a interpersonal relations |2 eczenas |
| 650 | 0 | 9 | |a self-culture |2 eczenas |
| 650 | 0 | 9 | |a positive thinking |2 eczenas |
| 650 | 0 | 9 | |a personality development |2 eczenas |
| 650 | 0 | 9 | |a problem solving |2 eczenas |
| 650 | 0 | 9 | |a success |2 eczenas |
| 650 | 0 | 9 | |a career success |2 eczenas |
| 655 | 7 | |a populárně-naučné publikace |7 fd131864 |2 czenas | |
| 655 | 9 | |a popular works |2 eczenas | |
| 710 | 2 | |a JMW Group |7 xx0112360 | |
| 900 | |a ABA001 |b 17 | ||
| 044 | |a xr | ||
| 910 | |a RBIT002 | ||
| 998 | |d 3703 |a https://core.palmknihy.cz/api/books/3703/cover?1zentk |b https://core.palmknihy.cz/api/books/3703/cover/400?bz3a6o |c https://core.palmknihy.cz/api/books/3703/cover/50?vdm0kr |e |g 160 |i 9788072523795 |j https://core.palmknihy.cz/api/books/3703/preview.epub |k https://core.palmknihy.cz/api/books/3703/preview.pdf |l |q 49 |r 1 |s https://www.palmknihy.cz/kniha/3703 |t ebook |y 2012 |z 0 | ||
| 999 | |d 305869 | ||